| 000 | 00368nam a22001337a 4500 | ||
|---|---|---|---|
| 020 | _a000313228 | ||
| 050 |
_aHD 62.4 _b.R6 |
||
| 100 | _aRobbin, P. Stephene | ||
| 245 |
_aBusiness. today: _bthe new world of business/ _cStephene P. Robbin, |
||
| 260 |
_aAustralia: _bSouth-Western,Thomson Learning _c2001 |
||
| 300 | _a565p.: | ||
| 650 | _bBusiness | ||
| 942 |
_2lcc _cGEN |
||
| 999 |
_c9397 _d9397 |
||